000 00433nam a2200145Ia 4500
008 100204s9999 xx 000 0 und d
082 _b2435
100 _aसिनकर श्रीकांत
245 _aचार्जशीट
260 _b"दिलीप प्रकाशन , पुणे"
_c1977
300 _a183
630 _aचार्जशीट
730 _aचार्जशीट
942 _cBOOK
999 _c447522
_d447519